| 000 | 00407nam a2200121Ia 4500 | ||
|---|---|---|---|
| 008 | 220620s9999||||xx |||||||||||||| ||und|| | ||
| 100 | _aFarzana Perveen | ||
| 245 | 0 | _aInsecticides - Pest Engineering | |
| 546 | _aEnglish[eng] | ||
| 650 | _aLife Sciences||Agricultural and Biological Sciences||Insectology||Pestology | ||
| 856 | _uhttps://www.intechopen.com/books/insecticides-pest-engineering | ||
| 942 | _cEB | ||
| 999 |
_c32234 _d32234 |
||